|
|
|
|
| LEADER |
00908cam a2200241 7i4500 |
| 001 |
0000036814 |
| 005 |
20250923090000.0 |
| 022 |
|
|
|a 0128-0198
|
| 090 |
0 |
0 |
|a TA1
|b .J87
|
| 245 |
0 |
0 |
|a Jurnal Kejuruteraan.
|
| 260 |
|
|
|a Bangi, Selangor:
|b UKM,
|c 1989-.
|
| 300 |
|
|
|a v.:
|b ill.;
|c 25 cm.
|
| 310 |
|
|
|a Annually
|
| 500 |
|
|
|a Library has: Vol.8 1996-Vol.14 2002; 2003; Vol.16 2004-Vol.17 2005; Vol.24 2012; Stop subsription
|
| 500 |
|
|
|a Gift: En. Hasrom Haron
|
| 500 |
|
|
|a Gift from En. Hasrom Haron: Vol. 1 1989; No. 12 2000
|
| 650 |
0 |
0 |
|a Engineering
|
| 710 |
1 |
|
|a Universiti Kebangsaan Malaysia
|
| 997 |
|
|
|a Perpustakaan Peringatan Siddiq Fadzil
|
| 999 |
|
|
|a SER0000342
|b BOK
|c SERIALS
|e Ground Floor, Bestari Jaya
|
| 999 |
|
|
|a SER0000686
|b BOK
|c SERIALS
|e Ground Floor, Bestari Jaya
|
| 999 |
|
|
|a SER0000754
|b BOK
|c SERIALS
|e Ground Floor, Bestari Jaya
|
| 999 |
|
|
|a SER0000817
|b BOK
|c SERIALS
|e Ground Floor, Bestari Jaya
|